000 01169pam a2200337 a 4500
001 1426
005 20250808144832.0
020 _a0590623516
040 _aDLC
_cDLC
_dDLC
_beng
050 0 0 _aPZ7.O81167
_bKn 1993
082 0 0 _aFic
_220
100 1 _aOsborne, Mary Pope
245 1 4 _aThe knight at dawn /
_cby Mary Pope Osborne ; illustrated by Sal Murdocca.
260 _aNew York :
_bScholastic,
_c1993
300 _a65 pages :
_billustrations
_c20 cm
490 1 _aMagic tree house
_vBook 2
500 _a"A First stepping stone book."
505 _aJ
520 _aEight-year-old Jack and his younger sister Annie use the magic treehouse to travel back to the Middle Ages, where they explore a castle and are helped by a mysterious knight.
521 _a500
_bLexile
521 _aJ
_bRaz-Plus
650 1 _aTime travel
_xFiction.
650 1 _aCastles
_xFiction.
650 1 _aMiddle Ages
_xFiction.
650 1 _aKnights and knighthood
_xFiction.
650 1 _aMagic
_xFiction.
650 1 _aTree houses
_xFiction.
700 1 _aMurdocca, Sal
_eillustrator
906 _a7
_bcbc
_corignew
_d1
_eocip
_f19
_gy-gencatlg
942 _2ddc
_cBK
_n0
999 _c1426
_d1426